Library Banner

Biomedical instrumentation systems (Record no. 54104)

MARC details
000 -LEADER
fixed length control field 00562nam a2200193Ia 4500
001 - CONTROL NUMBER
control field 56812
008 - FIXED-LENGTH DATA ELEMENTS--GENERAL INFORMATION
fixed length control field 140506s9999 xx 000 0 und d
020 ## - INTERNATIONAL STANDARD BOOK NUMBER
International Standard Book Number 9788131519530
040 ## - CATALOGING SOURCE
Transcribing agency PK-LaUMT
082 ## - DEWEY DECIMAL CLASSIFICATION NUMBER
Classification number 610.28
Item number CHA-B
100 ## - MAIN ENTRY--PERSONAL NAME
Personal name Chatterjee, Shakti. A. Michalet
245 ## - TITLE STATEMENT
Title Biomedical instrumentation systems
Statement of responsibility, etc Chatterjee, Shakti. A. Michalet<>Miller, Aubert
260 ## - PUBLICATION, DISTRIBUTION, ETC. (IMPRINT)
Place of publication, distribution, etc Dehli,India:
Name of publisher, distributor, etc Cenage Learning India,
Date of publication, distribution, etc 2010
300 ## - PHYSICAL DESCRIPTION
Extent 685 p.
546 ## - LANGUAGE NOTE
Language note EN
650 ## - SUBJECT ADDED ENTRY--TOPICAL TERM
Topical term or geographic name as entry element Biomedical instrumentation systems
700 ## - ADDED ENTRY--PERSONAL NAME
Personal name Miller, Aubert
942 ## - ADDED ENTRY ELEMENTS (KOHA)
Koha item type Books
Holdings
Withdrawn status Lost status Damaged status Not for loan Home library Current library Date acquired Total Checkouts Full call number Barcode Date last seen Price effective from Koha item type
        UMT Main Campus UMT Main Campus 2014-05-06   610.28 CHA-B 80481 2014-05-08 2014-05-08 Books